Word Ladder: Mario Characters Quiz Stats

 Plays Quiz Updated Apr 13, 2014

Support Sporcle.
Go Orange.
Score 0/26 Timer 04:00
1 Play Today
Clue 5-Letter Word % Correct
✰ Nintendo's main mascot ✰✰ MARIO ✰
96.7%
✰ Princess of the Mushroom Kingdom ✰✰ PEACH ✰
87.2%
NBC's '____ and Recreation'PARKS
86.5%
✰ Brother of 2nd Rung ✰✰ LUIGI ✰
85.8%
Employment benefitsPERKS
81.5%
Organs that are vital for breathingLUNGS
80.7%
Sight and smell are two examples of thisSENSE
79.8%
Cheerful and livelyPERKY
79.2%
A branch serving as a roost for a birdPERCH
78.7%
Third son of the Weasley familyPERCY
78.2%
Assignment gradesMARKS
77.3%
Novak Djokovic's younger brotherMARKO
73.5%
Freedom from hostilityPEACE
72.2%
Clue 5-Letter Word % Correct
To make fun of someoneTEASE
72%
✰ Rival of 2nd Rung ✰✰ WARIO ✰
71.6%
To stiffen or tightenTENSE
71.4%
Has strong desires for someoneLONGS
69.4%
'___ Porridge Hot'PEASE
67.3%
Long piece of cotton worn as a sashLUNGI
66.8%
Sharp curves in the roadBENDS
63.3%
Low pitched sounds of a bellBONGS
62.5%
Debt securities that pay couponsBONDS
60%
Obtains occupancy of another's residenceRENTS
57.1%
Tears into piecesRENDS
54.4%
A monetary unit of LesothoSENTE
29.7%
Annual income from a capital investmentRENTE
28.3%

Today's Daily Dose

You're not logged in!

Compare scores with friends on all Sporcle quizzes.
OR
Log In
Forgot?

From the Vault

'Who' Song Titles

by JoeBeta

If you're coming here for Pete Townshend's band, you're going to be (mostly) disappointed.
Remove Ads.
Support Sporcle.
Get the best of Sporcle when you Go Orange. This ad-free experience offers more features, more stats, and more fun while also helping to support Sporcle. Thank you for becoming a member.

Show Comments

Extras

Top Quizzes Today


Score Distribution

Your Account Isn't Verified!

In order to create a playlist on Sporcle, you need to verify the email address you used during registration. Go to your Sporcle Settings to finish the process.

Report this User

Report this user for behavior that violates our Community Guidelines.

Details: